000 00506nam a2200169 4500
001 2283
005 20230410101906.0
008 060907n1990 dr spa
035 _9funglode2291
041 _aES
050 1 4 _a118 F 1938 S171j 1990
100 _aSalmador, Víctor
245 1 _aJosé Francisco Peña Gómez :
_bSus orígenes, su biografía, su personalidad, su pensamiento /
_cVíctor Salmador
260 _aSanto Domingo :
_b[s. n.],
_c1990
300 _a237 p.
942 _2lcc
_cbk
999 _c15496
_d15496